| 000 | 00614nam a2200229 a 4500 | ||
|---|---|---|---|
| 999 |
_c10273 _d10273 |
||
| 001 | 10273 | ||
| 003 | BD-JhCC | ||
| 005 | 20180503114301.0 | ||
| 008 | 180422s1961 u |||| || | 001 0 eng d | ||
| 035 | _a(BD-JhCC)10273 | ||
| 040 |
_aBD-JhCC _dBD-JhCC |
||
| 041 | _aeng | ||
| 082 |
_a025.4 _bINT 1961 |
||
| 245 |
_aIntroduction to Dewey Decimal Classsification for British Schools / _cMarjorie Chambers, |
||
| 260 |
_aNew York : _bForest Press Inc, _c1961. |
||
| 300 |
_a88 p. : _c26 cm. |
||
| 504 | _aIncludes Index | ||
| 650 | _aDew | ||
| 700 | _aChambers, Marjorie | ||
| 942 |
_2ddc _cBK |
||